[Event "XIII Weekend A"]
[Site "Ceriano Laghetto ITA"]
[Date "2004.02.01"]
[Round "3"]
[White "Buonocore, Elio"]
[Black "Lapiccirella, Daniele"]
[Result "1/2-1/2"]
[WhiteElo "2099"]
[BlackElo "2078"]
[PlyCount "55"]
[EventDate "2004.01.31"]

1. e4 c5 2. c3 d5 3. exd5 Qxd5 4. d4 cxd4 5. cxd4 Nc6 6. Nf3 e5 7. Nc3 Bb4 8.
Bd2 Bxc3 9. Bxc3 e4 10. Ne5 Nxe5 11. dxe5 Ne7 12. Be2 O-O 13. Qa4 Bd7 14. Qa3
Qe6 15. Qd6 Bc6 16. O-O Rad8 17. Qxe6 fxe6 18. Bb4 Rf7 19. Rad1 Bd5 20. b3 Nc6
21. Bd6 Rf5 22. g4 Rf4 23. h3 g6 24. Kh2 Rd7 25. Bb5 Rdf7 26. Bxc6 Bxc6 27. Bc5
a6 28. Rd8+ 1/2-1/2

[Event "XIII Weekend A"]
[Site "Ceriano Laghetto ITA"]
[Date "2004.02.01"]
[Round "3"]
[White "Cazzaniga, Walter"]
[Black "Bozzali, Ermanno"]
[Result "1/2-1/2"]
[WhiteElo "2109"]
[BlackElo "2124"]
[PlyCount "91"]
[EventDate "2004.01.31"]

1. d4 f5 2. g3 Nf6 3. Bg2 g6 4. b3 Bg7 5. Bb2 d5 6. Nf3 O-O 7. O-O Re8 8. Nbd2
c6 9. c4 Nbd7 10. Qc2 Nf8 11. Rfd1 h6 12. Ne5 Be6 13. f3 N6d7 14. e4 Bxe5 15.
dxe5 Qb6+ 16. Kh1 d4 17. c5 Qxc5 18. Qxc5 Nxc5 19. Bxd4 Na6 20. exf5 gxf5 21.
f4 Red8 22. Nf1 Nb4 23. Rd2 Bd5 24. Ne3 Bxg2+ 25. Kxg2 e6 26. Nc4 Nd5 27. Nd6
b6 28. Kf3 c5 29. Bb2 Ng6 30. Rg1 Kh7 31. h4 h5 32. Nf7 Re8 33. Ng5+ Kg8 34.
Nxe6 Rxe6 35. Rxd5 Kf7 36. Rgd1 Nf8 37. Rd6 Rae8 38. Bc3 Rxd6 39. Rxd6 Re6 40.
Rd5 Ke7 41. Ke3 Rc6 42. Kf3 Ne6 43. Ke3 Rc7 44. Kd3 Rd7 45. Rxd7+ Kxd7 46. a4
1/2-1/2

[Event "XIII Weekend A"]
[Site "Ceriano Laghetto ITA"]
[Date "2004.02.01"]
[Round "3"]
[White "De Santis, Alessio"]
[Black "Gromovs, Sergejs"]
[Result "1/2-1/2"]
[WhiteElo "2283"]
[BlackElo "2297"]
[PlyCount "25"]
[EventDate "2004.01.31"]

1. d4 Nf6 2. c4 c5 3. d5 b5 4. cxb5 a6 5. f3 d6 6. e4 g6 7. Nc3 Bg7 8. Bg5 O-O
9. Qd2 axb5 10. Bxb5 Qb6 11. Nge2 Ra5 12. a4 Na6 13. O-O 1/2-1/2

[Event "XIII Weekend A"]
[Site "Ceriano Laghetto ITA"]
[Date "2004.02.01"]
[Round "3"]
[White "Murgia, Andrea"]
[Black "Zacco, Remo"]
[Result "0-1"]
[WhiteElo "2138"]
[BlackElo "2022"]
[PlyCount "66"]
[EventDate "2004.01.31"]

1. e4 e5 2. Nf3 Nc6 3. Bb5 a6 4. Ba4 d6 5. c3 Nge7 6. d4 Bd7 7. Bb3 h6 8. Nh4
Ng6 9. Nxg6 fxg6 10. O-O Qf6 11. f4 exd4 12. e5 Qf5 13. e6 Bc8 14. cxd4 d5 15.
Bc2 Qf6 16. Qg4 Bxe6 17. Bxg6+ Kd7 18. f5 Bg8 19. Be3 Bd6 20. Nd2 Rf8 21. Nf3
Bf7 22. Nh4 Kd8 23. Rad1 Re8 24. Bxf7 Qxf7 25. Ng6 Rhg8 26. Bf2 Re4 27. Qh3
Rge8 28. Bh4+ Kc8 29. f6+ Kb8 30. Ne7 Nxd4 31. Qd7 Rxh4 32. Nc6+ bxc6 33. Qxf7
Bxh2+ 0-1

[Event "XIII Weekend A"]
[Site "Ceriano Laghetto ITA"]
[Date "2004.02.01"]
[Round "3"]
[White "Pace, Roberto"]
[Black "Sbarra, Marco"]
[Result "0-1"]
[WhiteElo "2063"]
[BlackElo "2231"]
[PlyCount "58"]
[EventDate "2004.01.31"]

1. e4 e5 2. Nf3 Nc6 3. Bb5 a6 4. Ba4 Nf6 5. O-O b5 6. Bb3 Bc5 7. c3 d6 8. d4
Bb6 9. h3 Bb7 10. Re1 O-O 11. Bg5 h6 12. Bh4 g5 13. Nxg5 hxg5 14. Bxg5 Kg7 15.
Re3 Ne7 16. Rg3 Bxe4 17. Qd2 Bg6 18. Bh6+ Kh7 19. Bxf8 Qxf8 20. Qg5 Ne4 21.
Qh4+ Qh6 22. Qxe7 Nxg3 23. fxg3 exd4 24. Kh2 Qe3 25. Qh4+ Kg7 26. cxd4 Bxd4 27.
Nc3 Bxc3 28. bxc3 Qxc3 29. Qe7 Qxa1 0-1

[Event "XIII Weekend A"]
[Site "Ceriano Laghetto ITA"]
[Date "2004.02.01"]
[Round "3"]
[White "Pelizzola, Danilo"]
[Black "La Torre, Giovanni"]
[Result "1-0"]
[WhiteElo "2125"]
[BlackElo "2057"]
[PlyCount "87"]
[EventDate "2004.01.31"]

1. e4 d5 2. exd5 Qxd5 3. Nc3 Qa5 4. Bc4 Nf6 5. Nge2 e5 6. d3 c6 7. Bd2 Qc7 8.
Ng3 Be7 9. Qe2 O-O 10. O-O Nbd7 11. Nf5 Nb6 12. Nxe7+ Qxe7 13. Bb3 Bg4 14. f3
Bh5 15. Rae1 Nfd7 16. d4 Rfe8 17. g4 Bg6 18. f4 h6 19. fxe5 Qh4 20. Bf4 Nf8 21.
Bg3 Qd8 22. Qf2 Ne6 23. h4 h5 24. gxh5 Bxh5 25. Ne2 Qd7 26. c3 Nd5 27. Kh2 b5
28. Nf4 Ndxf4 29. Bxf4 Kf8 30. Bg5 Nxg5 31. hxg5 Ke7 32. e6 Qd6+ 33. Qg3 Qxg3+
34. Kxg3 f6 35. Rh1 Bg6 36. gxf6+ gxf6 37. Rh6 Bd3 38. Kf4 Rg8 39. Re3 Bb1 40.
Rh1 Bg6 41. Rg3 Raf8 42. Rhg1 Bh7 43. Rg7+ Ke8 44. R1g3 1-0

[Event "XIII Weekend A"]
[Site "Ceriano Laghetto ITA"]
[Date "2004.02.01"]
[Round "3"]
[White "Pozzi, Enrico"]
[Black "Lapiccirella, Mattia"]
[Result "1/2-1/2"]
[WhiteElo "2202"]
[BlackElo "2166"]
[PlyCount "46"]
[EventDate "2004.01.31"]

1. e4 c5 2. Nf3 Nc6 3. Bb5 g6 4. c3 Nf6 5. e5 Nd5 6. O-O Bg7 7. d4 cxd4 8. cxd4
O-O 9. Nc3 Nc7 10. a4 d6 11. Bxc6 bxc6 12. h3 Rb8 13. Re1 Ne6 14. a5 Ba6 15.
Ra3 dxe5 16. dxe5 Qc7 17. Qc2 Rfd8 18. Be3 Bd3 19. Qc1 c5 20. Ne2 Be4 21. Nf4
Bxf3 22. Nxe6 fxe6 23. gxf3 Bxe5 1/2-1/2

[Event "XIII Weekend A"]
[Site "Ceriano Laghetto ITA"]
[Date "2004.02.07"]
[Round "4"]
[White "Gromovs, Sergejs"]
[Black "Sbarra, Marco"]
[Result "1/2-1/2"]
[WhiteElo "2297"]
[BlackElo "2231"]
[PlyCount "90"]
[EventDate "2004.01.31"]

1. d4 d5 2. c4 e6 3. Nc3 c5 4. Nf3 Nc6 5. cxd5 exd5 6. g3 Nf6 7. Bg2 Be7 8. O-O
O-O 9. dxc5 Bxc5 10. Bg5 d4 11. Bxf6 Qxf6 12. Ne4 Qe7 13. Nxc5 Qxc5 14. Rc1 Qb6
15. Qd2 Be6 16. Ng5 Bf5 17. Qf4 Bg6 18. b3 Rad8 19. Rfd1 Rfe8 20. Rd2 f6 21.
Ne4 Re5 22. Nxf6+ gxf6 23. Qxf6 Rde8 24. Bxc6 bxc6 25. Rxc6 Qa5 26. b4 Qxb4 27.
Rc7 R5e7 28. Rxe7 Rxe7 29. Rxd4 Qe1+ 30. Kg2 Qxe2 31. h4 Qe5 32. Rd8+ Be8 33.
Qh6 Qe4+ 34. Kh2 Qf5 35. Qd2 Qf6 36. Rd6 Re6 37. Rd4 Bc6 38. Rg4+ Kh8 39. Rf4
Qe5 40. Qb4 Re8 41. Rf8+ Kg7 42. Rxe8 Qxe8 43. Qd4+ Kg8 44. Qc4+ Kg7 45. Qd4+
Kg8 1/2-1/2

[Event "XIII Weekend A"]
[Site "Ceriano Laghetto ITA"]
[Date "2004.02.07"]
[Round "4"]
[White "La Torre, Giovanni"]
[Black "Cazzaniga, Walter"]
[Result "0-1"]
[WhiteElo "2057"]
[BlackElo "2109"]
[PlyCount "78"]
[EventDate "2004.01.31"]

1. e4 e6 2. Nf3 d5 3. exd5 exd5 4. d4 Nc6 5. c4 Nf6 6. Nc3 Be7 7. cxd5 Nxd5 8.
Bb5 O-O 9. Bxc6 bxc6 10. O-O Bg4 11. h3 Bh5 12. Ne4 f6 13. Ng3 Bf7 14. Nf5 Qd7
15. N3h4 Kh8 16. Nxe7 Nxe7 17. Be3 g5 18. Nf3 Bd5 19. Nh2 Rg8 20. Qh5 Rg6 21.
Rfe1 Rag8 22. Re2 f5 23. Nf3 Bxf3 24. Qxf3 g4 25. hxg4 Rxg4 26. g3 Nd5 27. Bd2
f4 28. Qe4 fxg3 29. Qe5+ Qg7 30. f3 Rxd4 31. Qxg7+ Rxg7 32. Rae1 Rg6 33. Re8+
Kg7 34. Be3 Nxe3 35. R1xe3 h5 36. Re2 h4 37. Kg2 Rd1 38. R8e7+ Kh6 39. R7e4 h3+
0-1

[Event "XIII Weekend A"]
[Site "Ceriano Laghetto ITA"]
[Date "2004.02.07"]
[Round "4"]
[White "Lapiccirella, Daniele"]
[Black "Bellotto, Stefano"]
[Result "1-0"]
[WhiteElo "2078"]
[BlackElo "1803"]
[PlyCount "113"]
[EventDate "2004.01.31"]

1. d4 d6 2. Nf3 Nf6 3. g3 g6 4. Bg2 Bg7 5. O-O O-O 6. c4 Nbd7 7. Nc3 e5 8. e4
c6 9. h3 exd4 10. Nxd4 Nc5 11. Re1 Re8 12. b3 Qb6 13. Bb2 a5 14. a4 Nh5 15. Kh2
Nd3 16. Qxd3 Bxd4 17. Nd5 cxd5 18. Bxd4 dxc4 19. Qxc4 Qc6 20. Qd3 Be6 21. Rac1
Qd7 22. Bb2 Rac8 23. Qd4 f6 24. Bf3 Ng7 25. Qxf6 Rf8 26. Rxc8 Rxc8 27. Bg4 Bxg4
28. hxg4 Rf8 29. Qxg7+ Qxg7 30. Bxg7 Kxg7 31. Kg2 Rc8 32. Re3 Kf6 33. f4 Rc2+
34. Kf3 Ke6 35. Rd3 Rc6 36. g5 Rc5 37. g4 b5 38. axb5 Rxb5 39. f5+ Ke7 40. Kf4
Rc5 41. Rh3 Rb5 42. Rxh7+ Kf8 43. Rh3 Kf7 44. Rd3 Ke7 45. fxg6 Kf8 46. Rxd6
Rxb3 47. Ra6 Kg7 48. Rxa5 Kxg6 49. Ra6+ Kg7 50. g6 Rb1 51. Kf5 Rf1+ 52. Kg5 Re1
53. Ra7+ Kg8 54. Re7 Kf8 55. g7+ Kg8 56. Kf6 Kh7 57. Re5 1-0

[Event "XIII Weekend A"]
[Site "Ceriano Laghetto ITA"]
[Date "2004.02.07"]
[Round "4"]
[White "Lapiccirella, Mattia"]
[Black "Bianchi, Alberto"]
[Result "1-0"]
[WhiteElo "2166"]
[BlackElo "2033"]
[PlyCount "77"]
[EventDate "2004.01.31"]

1. d4 Nf6 2. c4 e6 3. Nf3 b6 4. g3 Be7 5. Bg2 Bb7 6. O-O O-O 7. Nc3 d6 8. Qc2
Nbd7 9. e4 e5 10. Rd1 exd4 11. Nxd4 Ng4 12. h3 Nge5 13. Nd5 Re8 14. Nb5 Bxd5
15. cxd5 Nc5 16. b4 Na6 17. Qa4 Qc8 18. Bb2 Bf6 19. Bd4 Nd7 20. Rac1 Qb7 21.
Nxc7 Nxc7 22. Qxd7 Re7 23. Qc6 Qxc6 24. dxc6 Bxd4 25. Rxd4 Rd8 26. Rcd1 Ne8 27.
f4 f6 28. h4 Rc7 29. e5 fxe5 30. fxe5 d5 31. Bxd5+ Kh8 32. Rf4 g6 33. Rf8+ Kg7
34. Rg8+ Kh6 35. g4 Rxc6 36. g5+ Kh5 37. Bf3+ Kxh4 38. Rxd8 Kg3 39. Bxc6 1-0

[Event "XIII Weekend A"]
[Site "Ceriano Laghetto ITA"]
[Date "2004.02.07"]
[Round "4"]
[White "Massironi, Marco"]
[Black "Buonocore, Elio"]
[Result "1/2-1/2"]
[WhiteElo "2094"]
[BlackElo "2099"]
[PlyCount "143"]
[EventDate "2004.01.31"]

1. e4 c5 2. Nf3 Nc6 3. d4 cxd4 4. Nxd4 Nf6 5. Nc3 e5 6. Ndb5 d6 7. Bg5 a6 8.
Na3 b5 9. Bxf6 gxf6 10. Nd5 f5 11. Bxb5 axb5 12. Nxb5 Ra4 13. b4 Rxb4 14. Nxb4
Nxb4 15. c3 Na6 16. Qd5 Nc5 17. Rd1 fxe4 18. Qc6+ Qd7 19. Nxd6+ Bxd6 20. Rxd6
Nd3+ 21. Ke2 Qxc6 22. Rxc6 Nf4+ 23. Kf1 Ke7 24. g3 Bd7 25. Rb6 Nd5 26. Rb3 Ra8
27. Kg2 Rxa2 28. c4 e3 29. Rf1 Bc6 30. Kg1 exf2+ 31. Rxf2 Ra1+ 32. Rf1 Rxf1+
33. Kxf1 Nc7 34. Rb8 Ne6 35. Rh8 Be4 36. Ke2 Nf8 37. Ke3 Bc6 38. Rg8 Bh1 39. h4
f5 40. Rg7+ Kf6 41. Ra7 h5 42. Ra6+ Ne6 43. Ra7 f4+ 44. gxf4 exf4+ 45. Kf2 Kf5
46. Ra1 Be4 47. Ra5+ Kg4 48. Re5 Bf5 49. c5 Nd4 50. Rd5 Nc6 51. Rd6 Be4 52. Re6
Bd5 53. Rd6 Bh1 54. Kg1 Bf3 55. Kf2 Ne5 56. Rd4 Bc6 57. Rd6 Kxh4 58. Re6 Ng4+
59. Kf1 Bb5+ 60. Kg2 Ne3+ 61. Kf3 Kg5 62. c6 Ba6 63. Re5+ Nf5 64. Ke4 Bc8 65.
Kf3 h4 66. Re8 Nd4+ 67. Ke4 Nxc6 68. Rg8+ Kh5 69. Rxc8 Ne7 70. Rc1 Ng6 71. Rg1
h3 72. Kf5 1/2-1/2

[Event "XIII Weekend A"]
[Site "Ceriano Laghetto ITA"]
[Date "2004.02.07"]
[Round "4"]
[White "Pace, Roberto"]
[Black "Pelizzola, Danilo"]
[Result "1/2-1/2"]
[WhiteElo "2063"]
[BlackElo "2125"]
[PlyCount "161"]
[EventDate "2004.01.31"]

1. e4 c5 2. Nf3 Nc6 3. d4 cxd4 4. Nxd4 Nf6 5. Nc3 e5 6. Ndb5 d6 7. Bg5 a6 8.
Na3 b5 9. Nd5 Be7 10. Bxf6 Bxf6 11. c3 Bg5 12. Bd3 Be6 13. Bc2 Rb8 14. O-O O-O
15. Qd3 f5 16. f3 b4 17. Nc4 bxc3 18. bxc3 Ne7 19. Nxe7+ Bxe7 20. Ne3 fxe4 21.
Qxe4 g6 22. Bb3 Bxb3 23. axb3 Qb6 24. Kh1 Bg5 25. Nd5 Qb7 26. b4 Rfc8 27. Rfd1
Kg7 28. Qg4 Bd8 29. Qe6 Rc6 30. Ra2 Qf7 31. Qg4 Rbc8 32. Qe4 Rc4 33. Qe2 Qb7
34. Qd3 R8c6 35. Rda1 Qb5 36. Rd2 Qb7 37. Re2 Qb5 38. Qd2 a5 39. bxa5 Bxa5 40.
Re3 Bb6 41. Rd3 Ba5 42. Rd1 Qb7 43. Qe1 Bd8 44. Rb1 Qa8 45. Rdd1 R6c5 46. Qd2
h6 47. Rb4 Bg5 48. Qd3 Qc6 49. Rxc4 Rxc4 50. Ra1 Ra4 51. Rb1 Bd8 52. h3 Rc4 53.
Rb3 Rc5 54. Ne3 Bg5 55. Ng4 h5 56. Nf2 d5 57. g4 Bh4 58. Kg2 Bxf2 59. Kxf2 hxg4
60. hxg4 e4 61. Qd4+ Kf7 62. f4 Ra5 63. Qh8 Qc5+ 64. Qd4 Qxd4+ 65. cxd4 Ra2+
66. Ke3 Rg2 67. Rb7+ Ke6 68. Rb6+ Kf7 69. Rd6 Rg3+ 70. Ke2 Rxg4 71. Rxd5 Rxf4
72. Ke3 Rh4 73. Re5 Kf6 74. Rxe4 Rh3+ 75. Kf4 Rd3 76. Kg4 g5 77. Re8 Rxd4+ 78.
Kg3 Ra4 79. Rf8+ Kg7 80. Rb8 Rf4 81. Rb6 1/2-1/2

[Event "XIII Weekend A"]
[Site "Ceriano Laghetto ITA"]
[Date "2004.02.07"]
[Round "4"]
[White "Provera, Emanuele"]
[Black "De Santis, Alessio"]
[Result "1/2-1/2"]
[WhiteElo "2144"]
[BlackElo "2283"]
[PlyCount "69"]
[EventDate "2004.01.31"]

1. d4 d6 2. c4 f5 3. Nf3 Nf6 4. g3 g6 5. Bg2 Bg7 6. O-O O-O 7. Nc3 Qe8 8. Re1
e5 9. dxe5 dxe5 10. e4 f4 11. gxf4 Nh5 12. Nxe5 Nxf4 13. Bxf4 Rxf4 14. Nd3 Rh4
15. e5 Bf5 16. f4 Nc6 17. Nd5 Qd8 18. Nc5 Rb8 19. b4 g5 20. b5 Na5 21. Nf6+
Bxf6 22. exf6 Qxf6 23. Qd5+ Kh8 24. fxg5 Qxg5 25. Qe5+ Qg7 26. Qxg7+ Kxg7 27.
Re7+ Kh8 28. Rf1 Bg6 29. Nd7 Rg8 30. Ne5 Nxc4 31. Nxg6+ hxg6 32. Rxc7 Nd6 33.
a3 Nxb5 34. Rxb7 Nxa3 35. Rxa7 1/2-1/2

[Event "XIII Weekend A"]
[Site "Ceriano Laghetto ITA"]
[Date "2004.02.07"]
[Round "4"]
[White "Zacco, Remo"]
[Black "Pozzi, Enrico"]
[Result "0-1"]
[WhiteElo "2022"]
[BlackElo "2202"]
[PlyCount "107"]
[EventDate "2004.01.31"]

1. e4 b6 2. d4 Bb7 3. Nc3 e6 4. Be3 Bb4 5. Bd3 Nf6 6. f3 d5 7. e5 Nfd7 8. a3
Bxc3+ 9. bxc3 c5 10. Qd2 Ba6 11. f4 Bxd3 12. cxd3 Nc6 13. Nf3 Na5 14. Ra2 c4
15. O-O Qc7 16. Nh4 O-O-O 17. f5 Nf8 18. fxe6 fxe6 19. Bg5 Rd7 20. Qd1 h6 21.
Bc1 g5 22. Raf2 Qd8 23. Nf3 Ng6 24. dxc4 Nxc4 25. Ne1 Qe8 26. Nd3 Re7 27. Qb3
Nh4 28. a4 Nf5 29. Nb2 Na5 30. Qb4 g4 31. Bf4 Rc7 32. Rc1 Kb7 33. Qa3 Qc6 34.
Nd3 Rhc8 35. Qa2 Qc4 36. Qe2 h5 37. Rb1 Ka8 38. Bd2 Qxa4 39. Nf4 Qe8 40. Ra1 g3
41. hxg3 Nxg3 42. Qf3 Ne4 43. Re2 Nb3 44. Ra2 Nbxd2 45. Rexd2 Nxd2 46. Rxd2
Rxc3 47. Qe2 Rc1+ 48. Kh2 Qf7 49. Qe3 Rf1 50. Nd3 Qe7 51. g3 h4 52. g4 Rcf8 53.
Nf2 Qf7 54. Kg2 0-1

[Event "XIII Weekend A"]
[Site "Ceriano Laghetto ITA"]
[Date "2004.02.08"]
[Round "5"]
[White "Bozzali, Ermanno"]
[Black "Massironi, Marco"]
[Result "1-0"]
[WhiteElo "2124"]
[BlackElo "2094"]
[PlyCount "67"]
[EventDate "2004.01.31"]

1. e4 c5 2. Nf3 d6 3. d4 cxd4 4. Nxd4 Nf6 5. Nc3 a6 6. Be2 e5 7. Nb3 Be6 8. f4
exf4 9. Bxf4 Nc6 10. Qd2 Be7 11. O-O-O Ne5 12. Nd4 Qa5 13. Nxe6 fxe6 14. Kb1
Nc6 15. g4 h6 16. Bc4 e5 17. g5 hxg5 18. Bxg5 Nd4 19. Qg2 O-O-O 20. Nd5 Nxd5
21. Bxd5 Bxg5 22. Qxg5 Qc7 23. c3 Nc6 24. Rdg1 Qb6 25. h4 Kb8 26. h5 Rhf8 27.
Rf1 Rc8 28. Qxg7 Rf2 29. Rxf2 Qxf2 30. Qg1 Qe2 31. h6 Rh8 32. Qg7 Rc8 33. h7
Nb4 34. Qxb7# 1-0

[Event "XIII Weekend A"]
[Site "Ceriano Laghetto ITA"]
[Date "2004.02.08"]
[Round "5"]
[White "Buonocore, Elio"]
[Black "Bianchi, Alberto"]
[Result "1-0"]
[WhiteElo "2099"]
[BlackElo "2033"]
[PlyCount "41"]
[EventDate "2004.01.31"]

1. e4 e5 2. Nf3 Nc6 3. d4 exd4 4. Nxd4 Bc5 5. Be3 Qf6 6. c3 Nge7 7. Bc4 Nxd4 8.
cxd4 Bb4+ 9. Nc3 Qg6 10. O-O Bxc3 11. bxc3 Qxe4 12. Re1 Qf5 13. Bd3 Qf6 14. Qd2
h6 15. d5 O-O 16. Bd4 Qd6 17. c4 Ng6 18. Qc3 Qf4 19. Bxg7 d6 20. Bxf8 Bh3 21.
Qg7# 1-0

[Event "XIII Weekend A"]
[Site "Ceriano Laghetto ITA"]
[Date "2004.02.08"]
[Round "5"]
[White "Cazzaniga, Walter"]
[Black "Pace, Roberto"]
[Result "0-1"]
[WhiteElo "2109"]
[BlackElo "2063"]
[PlyCount "132"]
[EventDate "2004.01.31"]

1. d4 Nf6 2. c4 e6 3. Nf3 b6 4. g3 Bb7 5. Bg2 Bb4+ 6. Bd2 Qe7 7. O-O Bxd2 8.
Nbxd2 d6 9. Qc2 O-O 10. e4 e5 11. d5 Ng4 12. Ne1 Nd7 13. Nd3 a5 14. b3 Nc5 15.
a3 Nxd3 16. Qxd3 Qg5 17. h3 Nh6 18. f4 exf4 19. Rxf4 Rae8 20. Kh2 Bc8 21. Raf1
Qe7 22. b4 axb4 23. axb4 Bd7 24. Nb3 Ra8 25. Nd4 Ra4 26. b5 Rfa8 27. Nf5 Bxf5
28. exf5 f6 29. Re4 Qf8 30. Rf2 Nf7 31. Bf1 Ne5 32. Qe3 Ra3 33. Qf4 Rc3 34. Re3
Rxe3 35. Qxe3 Ra4 36. g4 h6 37. Rc2 Qa8 38. Rc3 Qa5 39. Kg3 Ra1 40. Be2 Re1 41.
Rc1 Rxc1 42. Qxc1 Qa2 43. Qe3 Qa1 44. Kg2 Qe1 45. Qe4 Kf8 46. Qe3 Kg8 47. Qe4
Kh7 48. Qc2 Qa1 49. Qe4 Qc3 50. Kh2 Qe1 51. Kg2 Qd2 52. Kg1 Nf7 53. Kg2 Qb2 54.
h4 Qe5 55. Qxe5 dxe5 56. Kf3 Kg8 57. Ke4 Nd6+ 58. Ke3 h5 59. Kd3 Kf7 60. gxh5
Nxf5 61. c5 Ke7 62. d6+ cxd6 63. cxb6 Kd8 64. Ke4 Ne7 65. Bg4 d5+ 66. Kd3 f5
0-1

[Event "XIII Weekend A"]
[Site "Ceriano Laghetto ITA"]
[Date "2004.02.08"]
[Round "5"]
[White "De Santis, Alessio"]
[Black "Lapiccirella, Mattia"]
[Result "0-1"]
[WhiteElo "2283"]
[BlackElo "2166"]
[PlyCount "120"]
[EventDate "2004.01.31"]

1. d4 Nf6 2. c4 c5 3. d5 g6 4. Nc3 d6 5. e4 Bg7 6. f3 O-O 7. Bg5 e6 8. Qd2 exd5
9. cxd5 h6 10. Be3 a6 11. h4 h5 12. a4 Qa5 13. Bf4 Nbd7 14. Bxd6 Re8 15. Nh3 b5
16. Ng5 Bb7 17. Be2 c4 18. Qf4 Ne5 19. Bxe5 Rxe5 20. O-O Qb6+ 21. Kh1 Rxg5 22.
hxg5 Nd7 23. axb5 axb5 24. Rxa8+ Bxa8 25. Qd2 b4 26. Nd1 Qc5 27. f4 c3 28. bxc3
bxc3 29. Qc2 Nb6 30. Rf3 Na4 31. Rd3 Bd4 32. Bf3 Bb7 33. e5 Ba6 34. d6 Bxd3 35.
Qxd3 Nb6 36. Be4 Kg7 37. g3 Nd7 38. Kg2 Nb6 39. Kf3 Nd7 40. Ne3 Bxe3 41. Qxe3
Qc4 42. Bd3 Qb3 43. Qe2 Nc5 44. Bc2 Qd5+ 45. Kf2 Ne6 46. Qd3 Qc5+ 47. Ke2 h4
48. Kf1 h3 49. Qe2 Nd4 50. Qf2 Qc4+ 51. Kg1 Nxc2 52. d7 Qd3 53. f5 gxf5 54. g4
Qxd7 55. gxf5 Qd2 56. e6 Qxf2+ 57. Kxf2 fxe6 58. fxe6 Nd4 59. e7 Kf7 60. g6+
Kxe7 0-1

[Event "XIII Weekend A"]
[Site "Ceriano Laghetto ITA"]
[Date "2004.02.08"]
[Round "5"]
[White "Pelizzola, Danilo"]
[Black "Bellotto, Stefano"]
[Result "1-0"]
[WhiteElo "2125"]
[BlackElo "1803"]
[PlyCount "57"]
[EventDate "2004.01.31"]

1. e4 d6 2. d4 Nf6 3. Bd3 e5 4. c3 Be7 5. Nf3 Nbd7 6. O-O O-O 7. Nbd2 c6 8. Qc2
Qc7 9. b3 Re8 10. a4 a5 11. Bb2 b6 12. Rfe1 Bf8 13. Rac1 Bb7 14. Bc4 d5 15. Bd3
dxe4 16. Nxe4 Nxe4 17. Bxe4 g6 18. dxe5 Nxe5 19. Nxe5 Qxe5 20. c4 Qh5 21. Qc3
f5 22. Qh8+ Kf7 23. Qf6+ Kg8 24. Bxc6 Bxc6 25. Qxc6 Rxe1+ 26. Rxe1 Ra7 27. Qd5+
Rf7 28. Re8 Qg4 29. Rxf8+ 1-0

[Event "XIII Weekend A"]
[Site "Ceriano Laghetto ITA"]
[Date "2004.02.08"]
[Round "5"]
[White "Pozzi, Enrico"]
[Black "Gromovs, Sergejs"]
[Result "0-1"]
[WhiteElo "2202"]
[BlackElo "2297"]
[PlyCount "78"]
[EventDate "2004.01.31"]

1. e4 g6 2. d4 Bg7 3. Nc3 c5 4. Nf3 Nc6 5. d5 Nd4 6. Be2 d6 7. O-O Nxf3+ 8.
Bxf3 Nf6 9. Be3 O-O 10. Qd2 Bg4 11. Be2 Bxe2 12. Qxe2 b5 13. f3 a6 14. Qd2 Re8
15. Ne2 Nd7 16. c3 Nb6 17. b3 a5 18. Bh6 Bf6 19. Bg5 Bh8 20. f4 a4 21. f5 axb3
22. axb3 Rxa1 23. Rxa1 b4 24. Rb1 bxc3 25. Nxc3 Qd7 26. fxg6 hxg6 27. Rf1 Qg4
28. h3 Bd4+ 29. Be3 Bxc3 30. hxg4 Bxd2 31. Bxd2 Ra8 32. Bc1 Ra2 33. Re1 Nd7 34.
g5 Ne5 35. Re3 Rc2 36. Ba3 Rd2 37. Kf1 Rd1+ 38. Re1 Rd3 39. Rb1 Re3 0-1

[Event "XIII Weekend A"]
[Site "Ceriano Laghetto ITA"]
[Date "2004.02.08"]
[Round "5"]
[White "Sbarra, Marco"]
[Black "Provera, Emanuele"]
[Result "1-0"]
[WhiteElo "2231"]
[BlackElo "2144"]
[PlyCount "87"]
[EventDate "2004.01.31"]

1. e4 c6 2. c4 d5 3. exd5 cxd5 4. cxd5 Nf6 5. Bb5+ Bd7 6. Bc4 g6 7. Nc3 Bg7 8.
Nge2 O-O 9. O-O Na6 10. a4 Qa5 11. d3 b5 12. Nxb5 Bxb5 13. Bd2 Qb6 14. axb5 Nc7
15. Nc3 Rfd8 16. Qb3 Rd7 17. Ne4 Nxe4 18. dxe4 Qd4 19. Qc2 Qxb2 20. Qxb2 Bxb2
21. Ra4 Bd4 22. Be2 e5 23. Rc1 f5 24. Ba5 Ne8 25. Rc6 Rb8 26. Kf1 fxe4 27. Bg4
Rdb7 28. d6 Nf6 29. Be6+ Kg7 30. Rc7+ Kh6 31. Bd2+ Kh5 32. h3 Rxb5 33. g4+ Kh4
34. g5 Nh5 35. d7 e3 36. fxe3 Ng3+ 37. Ke1 Rb1+ 38. Bc1 Rf8 39. exd4 Rf1+ 40.
Kd2 e4 41. d8=Q Rf2+ 42. Kc3 Ne2+ 43. Kc4 Rxc1+ 44. Kb5 1-0

[Event "XIII Weekend A"]
[Site "Ceriano Laghetto ITA"]
[Date "2004.02.08"]
[Round "5"]
[White "Zacco, Remo"]
[Black "Lapiccirella, Daniele"]
[Result "0-1"]
[WhiteElo "2022"]
[BlackElo "2078"]
[PlyCount "144"]
[EventDate "2004.01.31"]

1. e4 c5 2. Nf3 e6 3. d3 d5 4. Nbd2 Nc6 5. g3 Nf6 6. Bg2 Be7 7. O-O O-O 8. e5
Nd7 9. Re1 Qc7 10. Qe2 b5 11. c3 a5 12. d4 Ba6 13. Nf1 b4 14. Qd1 bxc3 15. bxc3
cxd4 16. cxd4 Nb4 17. Ba3 Nb6 18. Bxb4 axb4 19. N1d2 Nc4 20. Nb3 Bb5 21. Nfd2
Ra6 22. f4 Rfa8 23. f5 Rxa2 24. Rxa2 Rxa2 25. f6 gxf6 26. Qg4+ Kh8 27. exf6
Bxf6 28. Nf3 Ra3 29. Nc5 Ne3 30. Qh5 Nxg2 31. Kxg2 Ra2+ 32. Kh3 Be2 33. Qh6 Bg7
34. Qe3 Bxf3 35. Qxf3 Ra3 36. Qf2 Rc3 37. Ra1 Ra3 38. Rb1 b3 39. Qb2 Qxc5 40.
dxc5 Bxb2 41. Rxb2 Ra5 42. c6 Rc5 43. Rxb3 Rxc6 44. Kg4 Kg7 45. Kf4 Kf6 46. h4
Rc4+ 47. Kf3 h5 48. Rb6 Rc3+ 49. Kf2 Kf5 50. Rb7 f6 51. Rh7 Kg6 52. Rd7 Rd3 53.
Rd8 e5 54. Rg8+ Kf5 55. Rh8 Kg4 56. Rg8+ Kh3 57. Rh8 Rxg3 58. Rxh5 Rg4 59. Rh6
Rf4+ 60. Ke3 d4+ 61. Ke2 Kg4 62. Rh8 Rf5 63. Kd3 Rh5 64. Rf8 Kf5 65. Ke2 Rxh4
66. Kf3 Rh3+ 67. Ke2 Ra3 68. Rb8 Ke4 69. Rb4 f5 70. Rc4 Ra2+ 71. Ke1 Ke3 72.
Rc1 Rh2 0-1

[Event "XIII Weekend A"]
[Site "Ceriano Laghetto ITA"]
[Date "2004.02.08"]
[Round "6"]
[White "Bellotto, Stefano"]
[Black "Zacco, Remo"]
[Result "1/2-1/2"]
[WhiteElo "1803"]
[BlackElo "2022"]
[PlyCount "33"]
[EventDate "2004.01.31"]

1. e4 d6 2. g3 e5 3. Bg2 Nc6 4. Nf3 Bg4 5. h3 Bh5 6. d3 f6 7. O-O Qd7 8. c3 g5
9. Nxe5 Bxd1 10. Nxd7 Be2 11. Re1 Bxd3 12. Nxf8 Kxf8 13. Na3 Nge7 14. Re3 Ba6
15. b4 b5 16. Rb1 Rb8 17. f4 1/2-1/2

[Event "XIII Weekend A"]
[Site "Ceriano Laghetto ITA"]
[Date "2004.02.08"]
[Round "6"]
[White "Bianchi, Alberto"]
[Black "Pace, Roberto"]
[Result "0-1"]
[WhiteElo "2033"]
[BlackElo "2063"]
[PlyCount "73"]
[EventDate "2004.01.31"]

1. e4 c5 2. Nc3 d6 3. Nf3 Nf6 4. Bc4 e6 5. d4 cxd4 6. Nxd4 a6 7. Be3 Be7 8. Qe2
O-O 9. g4 b5 10. Bd3 b4 11. Nd1 Bb7 12. f3 Qc7 13. Nf2 d5 14. O-O-O Nc6 15.
Nxc6 Bxc6 16. g5 dxe4 17. fxe4 Nd7 18. Ng4 Ne5 19. Nxe5 Qxe5 20. Qg4 f5 21. Qh3
fxe4 22. Bc4 Bd5 23. Bd4 Bxg5+ 24. Kb1 Qf5 25. Qb3 Rac8 26. Bxd5 exd5 27. Qxb4
Qe6 28. Bc3 Bf6 29. Bxf6 Rxf6 30. Qd4 Rf5 31. Rdg1 g6 32. Rg3 Qe7 33. Qd2 Qf6
34. Qh6 Rf8 35. a3 e3 36. Rh3 Rf7 37. Ka2 0-1

[Event "XIII Weekend A"]
[Site "Ceriano Laghetto ITA"]
[Date "2004.02.08"]
[Round "6"]
[White "Bozzali, Ermanno"]
[Black "Pelizzola, Danilo"]
[Result "0-1"]
[WhiteElo "2124"]
[BlackElo "2125"]
[PlyCount "90"]
[EventDate "2004.01.31"]

1. e4 c5 2. Nf3 Nc6 3. b3 d6 4. Bb5 Bd7 5. O-O g6 6. Bb2 e5 7. Re1 Bg7 8. Nc3
Nf6 9. a4 O-O 10. d3 h6 11. Nd2 a6 12. Bc4 Kh7 13. Nd5 Rb8 14. Nxf6+ Bxf6 15.
Nf1 Be7 16. Bd5 Nb4 17. Ne3 Bg5 18. c3 Nxd5 19. Nxd5 Be6 20. d4 Bxd5 21. exd5
exd4 22. cxd4 Bf6 23. Qd2 Rc8 24. Rac1 b6 25. dxc5 Bxb2 26. Qxb2 bxc5 27. b4
Rb8 28. b5 axb5 29. axb5 Re8 30. Rxe8 Qxe8 31. b6 Qe4 32. Rd1 Qf5 33. b7 Qd7
34. Rb1 c4 35. h4 c3 36. Qxc3 Rxb7 37. Re1 Qf5 38. Qc6 Rb2 39. Rf1 Qe5 40. Qc4
Rd2 41. Rb1 Qf5 42. Rf1 Rxd5 43. g4 Qf3 44. Re1 Rd2 45. Rf1 Re2 0-1